000 00523nam a22001697a 4500
005 20240327130124.0
010 _aENG-139960
020 _a9788193585702
_c2500.00
035 _aEN-123492
037 _bDBAD
082 _a363.20595435
245 _aAn Indelible Journey/
260 _aHyderabad
_bSardar Vallahbhai Patel National Police Academy
_c2017
270 _bHyderabad
_aSardar Vallahbhai Patel National Police Academy
300 _a289p.
_c32cm(hb)
942 _2ddc
_cEN
_h363.20595435
_mIND
_e1
999 _c201806
_d201806